000 01031cam a22002654a 4500
999 _c124934
_d124934
001 13925538
005 20211215101803.0
008 050411s2005 orua bf 001 0 eng
020 _a0881927503
040 _cPK-LaUMT
082 0 0 _a581.659
_222
_bFRO-P
100 1 _aFrohne, Dietrich
245 1 0 _aPoisonous plants :
_ba handbook for doctors, pharmacists, toxicologists, biologists and veterinarians /
_cDietrich Frohne and Hans Jürgen Pfänder ; translated by Inge Alford ; consultant editors to the English edition and appendix, Patrick McKinney and Kirk Cumpston.
250 _a2nd ed.
260 _aPortland, Or. :
_bTimber Press,
_c2005
300 _aviii, 469 p. :
_bill. (some col.) ;
_c28 cm.
500 _a"Translated from the German fifth edition (2004)"--T.p. verso.
650 0 _aPoisonous plants
650 0 _aPoisonous plants
_xToxicology
650 0 _aPoisonous plants
650 0 _aPoisonous plants
_zEurope
650 0 _aPoisonous plants
_zEurope
700 1 _aPfänder, Hans Jürgen.
942 _cBK